Don Quijote de la mancha Tomo II (Registro nro. 2009)

Detalles MARC
000 -LEADER
fixed length control field 01389nam a22001937a 4500
003 - CONTROL NUMBER IDENTIFIER
control field OSt
005 - DATE AND TIME OF LATEST TRANSACTION
control field 20251017182158.0
008 - FIXED-LENGTH DATA ELEMENTS--GENERAL INFORMATION
fixed length control field 251017b |||||||| |||| 00| 0 eng d
020 ## - INTERNATIONAL STANDARD BOOK NUMBER
Terms of availability 9588089158
100 ## - MAIN ENTRY--PERSONAL NAME
Personal name Miguel de Cervantes Saavedra
245 ## - TITLE STATEMENT
Title Don Quijote de la mancha Tomo II
260 ## - PUBLICATION, DISTRIBUTION, ETC.
Place of publication, distribution, etc. Colombia
Name of publisher, distributor, etc. Casa editorial El Tiempo
Date of publication, distribution, etc. 2001
300 ## - PHYSICAL DESCRIPTION
Extent 451
Dimensions 800x800
520 ## - SUMMARY, ETC.
Summary, etc. Don Quijote y Sancho vuelven a salir en busca de nuevas aventuras, pero ahora se enfrentan a personas que ya conocen su historia por la publicación del primer libro.<br/>Esto hace que muchos personajes se burlen de ellos deliberadamente, inventando engaños para divertirse a su costa.<br/><br/>Sancho llega a ser nombrado “gobernador de la Ínsula Barataria”, pero pronto descubre que todo era una farsa.<br/>Finalmente, Don Quijote es derrotado en duelo por el Caballero de la Blanca Luna (en realidad su amigo Sansón Carrasco disfrazado) y debe abandonar su vida de caballero andante.<br/>Regresa a su aldea, recupera la cordura y muere como Alonso Quijano el Bueno, dejando atrás su sueño caballeresco.
650 ## - SUBJECT ADDED ENTRY--TOPICAL TERM
Source of heading or term Que trata de la condicion y ejercicio del famoso Hidalgo don Quijote de la mancha
650 ## - SUBJECT ADDED ENTRY--TOPICAL TERM
Source of heading or term Que trata de la primera salida que de su tierra hizo el ingenioso don Quijote
650 ## - SUBJECT ADDED ENTRY--TOPICAL TERM
Source of heading or term Donde se cuenta la graciosa manera que tuvo don Quijote en armarse caballero
942 ## - ADDED ENTRY ELEMENTS (KOHA)
Source of classification or shelving scheme Dewey Decimal Classification
Koha item type Libros
Suppress in OPAC No
Existencias
Withdrawn status Lost status Source of classification or shelving scheme Damaged status Not for loan Collection Home library Current library Shelving location Date acquired Inventory number Total checkouts Full call number Barcode Date last seen Copy number Price effective from Koha item type
    Dewey Decimal Classification     Estantería F Fila 2 Biblioteca Stanford Biblioteca Stanford Biblioteca Abierta 17.10.2025 0439   LECTURA BIBLIO0439 17.10.2025 1 17.10.2025 Libros
Bienvenido a nuestra Biblioteca